000 00685nas a2200253 4500
001 BR5900181
003 BR-BrBNA
005 20231205082020.0
007 ta
008 230509b bl.|||p| |||| 00| 00por d
040 _aBR-BrBNA
_bpor
_cBiblioteca Nacional de Agricultura
041 _a(Pt)
072 _aS10
100 1 _aTenius, T.T.
245 1 _aAnalise do cafe - bebida
650 _aCAFE
650 _aCAFEINA
650 _aANALISE QUIMICA
650 _aCAFE TRATADO
650 _aBEBIDA
773 0 _tRevista do Conselho Nacional de Economia (Brazil)
_x
_g(May 1959), v. 8(3) p. 230-241
_wBR5900181
909 _a202311
_bLúcia
_c55
_dLúcia Elande
942 _2AGRIS
_n0
_cANA
999 _c88573
_d88573